Quran Liberation and Pluralism (Record no. 13143)
[ view plain ]
| 000 -LEADER | |
|---|---|
| fixed length control field | 00616nam a2200241 a 4500 |
| 020 ## - INTERNATIONAL STANDARD BOOK NUMBER | |
| ISBN | |
| 082 00 - DEWEY DECIMAL CLASSIFICATION NUMBER | |
| Classification number | 297.1226 |
| Author Cutter | ESA |
| 100 ## - MAIN ENTRY--AUTHOR NAME | |
| Author name | Esack, Farid |
| 245 ## - TITLE STATEMENT | |
| Title | Quran Liberation and Pluralism |
| 260 ## - PUBLICATION, DISTRIBUTION, ETC. (IMPRINT) | |
| Place of publication | Oxford |
| Name of publisher | One World Publications |
| Year of publication | 1997 |
| 300 ## - PHYSICAL DESCRIPTION | |
| Number of Pages | 288p. |
| 500 ## - GENERAL NOTE | |
| General note | includes index and biblioraphy |
| 505 2# - FORMATTED CONTENTS NOTE | |
| Formatted contents note | Bibliography, Maps, Index |
| 650 ## - SUBJECT ADDED ENTRY--TOPICAL TERM | |
| Topical Term | Quran and Liberation Theology |
| 942 ## - ADDED ENTRY ELEMENTS (KOHA) | |
| Koha item type | Books |
| 700 1# - | |
| -- | Esack, Farid |
| Collection code | Home library | Current library | Date acquired | Cost, normal purchase price | Full call number | Accession Number | Koha item type | Shelving location | Source of acquisition |
|---|---|---|---|---|---|---|---|---|---|
| Henry Martyn Institute Library | Henry Martyn Institute Library | 08/01/2007 | 22.95 | 297.1226 ESA | 017581 | Books | |||
| Non-fiction | Henry Martyn Institute Library | Henry Martyn Institute Library | 08/01/2007 | 22.95 | 297.1226 ESA C2 | 11002929 | Books | General stacks | Dr. Andreas D'Souza collection |
